• 首页
  • 本馆介绍
  • 公告通知
  • 最新文献
  • 馆藏检索
  • 电子资源
  • 读者导购
  • 参考咨询
  • 我的图书馆
  • 登录
  • 详细信息显示
  • 放入我的书架
  • 预约/预借图书
  • 作者相关作品
  • 分类相关作品
  • 丛书相关作品
  • 出版社相关作品

书目信息

  • 表格格式
  • 工作单格式
  • 卡片格式
题名:
关系数据聚类
    
 
作者: 龙波 , 钟飞 , 玉 著 ;龙波 , 刘喜昂 译
分册:  
出版信息: 北京   科学出版社  2015.06
页数: 153页
开本: 24cm
丛书名: 信息科学技术学术著作丛书
单 册:
中图分类: TP311.132.3
科图分类:
主题词: 关系数据库--研究--guan xi shu ju ku
电子资源:
ISBN: 978-7-03-045093-7
000 01718nam0 2200373 450
001 1806
001 01CN11320743@CSLN
005 20161201142802.14
010    @a978-7-03-045093-7@dCNY90.00
100    @a20150717d2015 em y0chiy0121 ea
101 1  @achi@ceng
102    @aCN@b110000
105    @aa a 000yy
200 1  @a关系数据聚类@e模型、算法及应用@fBo Long, Zhongfei, Philip S. Yu著@g龙波, 刘喜昂译@Aguan xi shu ju ju lei
210    @a北京@c科学出版社@d2015.06
215    @a153页@c图@d24cm
225 2  @a信息科学技术学术著作丛书@Axin xi ke xue ji shu xue shu zhu zuo cong shu
312    @a英文题名原文取自版权页
314    @a责任者Bo Long规范汉译姓名: 龙波; 责任者Zhongfei汉译姓名编目员自译: 钟飞; 责任者Yu汉译姓编目员自译: 玉
320    @a有书目 (第146-153页)
330    @a本书展示了数据挖掘研究领域中一个新的热点方向-关联数据聚类, 是作者研究工作的总结和提炼。主要内容有集体聚类、异质关联数据聚类、同质关联数据聚类、一般关联数据聚类、多视图关联数据聚类、演化数据聚类的算法模型, 算法的具体实验和应用。
333    @a本书可作为计算机、通信、信息等相关专业高年级本科生和研究生学习数据挖掘或机器学习专题的参考书, 也可作为相关专业的工程技术人员、研究人员、教师的参考用书
410  0 @12001
500 10 @aRelational data clustering : models, algorithms, and applications@mChinese
517 1  @a模型、算法及应用@Amo xing 、suan fa ji ying yong
606 0  @a关系数据库@x研究@Aguan xi shu ju ku
690    @aTP311.132.3@v5
701  0 @a龙波@4著@Along bo
701  0 @a钟飞@4著@Azhong fei
701  1 @a玉@g(Yu, Philip S.)@4著@Ayu
702  0 @a龙波@4译@Along bo
702  0 @a刘喜昂@4译@Aliu xi ang
801  0 @aCN@b大连网信软件有限公司图书馆·11@c20161201
905    @aZUCC@dTP311.132.3@e1007
    
    关系数据聚类:模型、算法及应用/Bo Long, Zhongfei, Philip S. Yu著/龙波, 刘喜昂译.-北京:科学出版社,2015.06
    153页:图;24cm.-(信息科学技术学术著作丛书)
    使用对象:本书可作为计算机、通信、信息等相关专业高年级本科生和研究生学习数据挖掘或机器学习专题的参考书, 也可作为相关专业的工程技术人员、研究人员、教师的参考用书
    
    ISBN 978-7-03-045093-7:CNY90.00
    本书展示了数据挖掘研究领域中一个新的热点方向-关联数据聚类, 是作者研究工作的总结和提炼。主要内容有集体聚类、异质关联数据聚类、同质关联数据聚类、一般关联数据聚类、多视图关联数据聚类、演化数据聚类的算法模型, 算法的具体实验和应用。
●
相关链接 在E读中查询图书 在五车中查询图书 在当当中查询图书 在豆瓣中查询图书


正题名:关系数据聚类     索取号:TP311.132.3/1007         预约/预借

序号 登录号 条形码 馆藏地/架位号 状态 备注
1 910031   209100319   第二样本阅览室/ [索取号:TP311.132.3/1007] 在馆    
2 910032   209100328   第三借阅区/ [索取号:TP311.132.3/1007] 在馆    
3 910033   209100337   第三借阅区/ [索取号:TP311.132.3/1007] 在馆    
4 910034   209100346   密集书库—计算机科学学院/ [索取号:TP311.132.3/1007] 在馆    
唐山师范学院图书馆 欢迎您!
大连网信软件有限公司© 版权所有